000 00535nam a2200229Ia 4500
003 OSt
005 20220918174427.0
006 a|||||r|||| 00| 0
007 ta
008 220917b |||||||| |||| 00| 0 eng d
024 _a12,089
037 _cTextual
040 _aARTS
_cARTS
_beng
041 _2eng
_aeng
082 _a/\2y7M53, H9
245 0 _aSarada Devi
_b the holy mother
250 _a2nd
260 _c1949
650 _aSPIRITUALISM
942 _h/\2y7M53, H9
_cTEXL
_2CC
999 _c153139
_d153139